[Event "Maastricht Limburg op-C 5th"]
[Site "Maastricht"]
[Date "2011.06.13"]
[Round "6"]
[White "Van Ginneken, Maikel"]
[Black "Freriks, Oscar"]
[Result "0-1"]
[WhiteElo "1337"]
[BlackElo "1505"]
[PlyCount "30"]
[EventDate "2011.06.10"]
[EventType "swiss"]
[EventRounds "7"]
[EventCountry "NED"]
[SourceTitle "EXT 2012"]
[Source "ChessBase"]
[SourceDate "2011.11.24"]
[SourceVersion "1"]
[SourceVersionDate "2011.11.24"]
[SourceQuality "1"]

1. d4 Nf6 2. c4 e5 3. dxe5 Ng4 4. Nf3 Bc5 5. e3 Nc6 6. b3 Ngxe5 7. Nxe5 Nxe5 8. Bb2 Qe7 9. Nc3 b6 10. Nd5 Bb4+ 11. Nc3 Bb7 12. a3 Bd6 13. Nd5 Qh4 14. Be2 h5 15. 0-0 Nf3+ 0-1

[Event "Maastricht Limburg op-C 5th"]
[Site "Maastricht"]
[Date "2011.06.12"]
[Round "5"]
[White "Hendrikse, Arnoud"]
[Black "Van Ginneken, Maikel"]
[Result "1-0"]
[WhiteElo "1707"]
[BlackElo "1337"]
[PlyCount "103"]
[EventDate "2011.06.10"]
[EventType "swiss"]
[EventRounds "7"]
[EventCountry "NED"]
[SourceTitle "EXT 2012"]
[Source "ChessBase"]
[SourceDate "2011.11.24"]
[SourceVersion "1"]
[SourceVersionDate "2011.11.24"]
[SourceQuality "1"]

1. Nf3 f5 2. d4 e6 3. Nbd2 Nf6 4. g3 Be7 5. Bg2 0-0 6. 0-0 Qe8 7. Re1 d6 8. e4 fxe4 9. Nxe4 Nc6 10. b3 d5 11. Neg5 Nd8 12. Ne5 Nd7 13. Ngf3 Nxe5 14. Nxe5 Nf7 15. f4 c5 16. c3 b5 17. Be3 c4 18. bxc4 bxc4 19. Nxc4 Qc6 20. Qb3 dxc4 21. Bxc6 cxb3 22. Bxa8 b2 23. Rab1 Ba6 24. Be4 Nd6 25. Bc2 Nc4 26. Bb3 Ba3 27. d5 exd5 28. Bxa7 Nd2 29. Bxd5+ Kh8 30. Rbd1 b1Q 31. Rxb1 Nxb1 32. Rxb1 Rd8 33. Rb8 Bc5+ 34. Kg2 Rxb8 35. Bxb8 h6 36. Be5 Kh7 37. g4 g6 38. g5 Be3 39. Kf3 Bg1 40. h4 Bc5 41. Bd4 Bd6 42. c4 Bc8 43. c5 Bb8 44. c6 h5 45. Bb6 Bd6 46. Bd4 Bg4+ 47. Ke3 Bb8 48. a4 Bc7 49. Bf7 Bd1 50. Be5 Bb6+ 51. Kd3 Bxa4 52. c7 1-0

[Event "NED-ch op U18"]
[Site "Enschede"]
[Date "2010.08.12"]
[Round "6"]
[White "Van Osch, Mees"]
[Black "Van Ginneken, Maikel"]
[Result "1-0"]
[WhiteElo "1876"]
[BlackElo "1316"]
[PlyCount "33"]
[EventDate "2010.08.09"]
[EventType "swiss"]
[EventRounds "9"]
[EventCountry "NED"]
[SourceTitle "CBM 137 Extra"]
[Source "ChessBase"]
[SourceDate "2010.09.01"]
[SourceVersion "1"]
[SourceVersionDate "2010.09.01"]
[SourceQuality "1"]

1. e4 e5 2. Nf3 Nc6 3. c3 d5 4. Qa4 f6 5. exd5 Qxd5 6. Bb5 Bd7 7. 0-0 Bc5 8. Bc4 Qd6 9. Qb3 0-0-0 10. Qc2 Nge7 11. b4 Bb6 12. a4 a5 13. Ba3 axb4 14. cxb4 Nxb4 15. Qb3 Bc5 16. Nc3 Nbc6 17. Ne4 1-0

[Event "Maastricht Limburg op-C 4th"]
[Site "Maastricht"]
[Date "2010.05.22"]
[Round "2"]
[White "Coenjaerts, Rene"]
[Black "Van Ginneken, Maikel"]
[Result "1-0"]
[WhiteElo "1717"]
[BlackElo "1331"]
[PlyCount "49"]
[EventDate "2010.05.21"]
[EventType "swiss"]
[EventRounds "7"]
[EventCountry "NED"]
[SourceTitle "EXT 2011"]
[Source "ChessBase"]
[SourceDate "2010.11.26"]
[SourceVersion "1"]
[SourceVersionDate "2010.11.26"]
[SourceQuality "1"]

1. e4 e5 2. Nf3 Nc6 3. Bb5 Bc5 4. Nc3 Nf6 5. 0-0 d6 6. h3 Bd7 7. d3 a6 8. Bc4 Nd4 9. a3 c6 10. b4 Ba7 11. Rb1 b5 12. Ba2 a5 13. Bd2 Nxf3+ 14. Qxf3 Bd4 15. Bb3 0-0 16. Ne2 Qb6 17. c3 Bxc3 18. Nxc3 a4 19. Ba2 Qd4 20. Rfc1 h6 21. Ne2 Qb6 22. Bxh6 gxh6 23. Qxf6 Kh7 24. Bxf7 Be8 25. Qg6+ 1-0

[Event "Maastricht Limburg op-C 4th"]
[Site "Maastricht"]
[Date "2010.05.22"]
[Round "3"]
[White "Van Ginneken, Maikel"]
[Black "De Lange, Marieke"]
[Result "1-0"]
[WhiteElo "1331"]
[BlackElo "1253"]
[PlyCount "61"]
[EventDate "2010.05.21"]
[EventType "swiss"]
[EventRounds "7"]
[EventCountry "NED"]
[SourceTitle "EXT 2011"]
[Source "ChessBase"]
[SourceDate "2010.11.26"]
[SourceVersion "1"]
[SourceVersionDate "2010.11.26"]
[SourceQuality "1"]

1. d4 d5 2. c4 c6 3. Nf3 Bf5 4. Nc3 Nf6 5. Bf4 e6 6. e3 Bb4 7. Qb3 a5 8. a3 Bxc3+ 9. Qxc3 Ne4 10. Qb3 Qe7 11. Bd3 Nd7 12. Qxb7 0-0 13. Qxc6 Nb8 14. Qxa8 Nd7 15. Qxa5 Qf6 16. cxd5 Qg6 17. g3 Nef6 18. Nh4 Qg4 19. Nxf5 exf5 20. 0-0 Nh5 21. Qc7 Ndf6 22. d6 Nxf4 23. exf4 Nd5 24. Qc6 Nxf4 25. Bb5 Nh3+ 26. Kg2 f4 27. Qf3 f5 28. Qxg4 fxg4 29. d7 f3+ 30. Kh1 Ng5 31. Rae1 1-0

[Event "NBSB-chC"]
[Site "Roosendaal"]
[Date "2009.08.29"]
[Round "5"]
[White "Van Ginneken, Maikel"]
[Black "Senders, Justin"]
[Result "0-1"]
[WhiteElo "1366"]
[BlackElo "1378"]
[PlyCount "121"]
[EventDate "2009.08.28"]
[EventType "swiss (rapid)"]
[EventRounds "6"]
[EventCountry "NED"]
[SourceTitle "CBM 132 Extra"]
[Source "ChessBase"]
[SourceDate "2009.11.03"]
[SourceVersion "1"]
[SourceVersionDate "2009.11.03"]
[SourceQuality "1"]

1. d4 Nf6 2. c4 g6 3. Nc3 d5 4. Bf4 c6 5. Nf3 Bg7 6. e3 0-0 7. Bd3 Nbd7 8. 0-0 Re8 9. cxd5 Nxd5 10. Nxd5 cxd5 11. Bb5 a6 12. Ba4 b5 13. Bb3 Bb7 14. Qd2 Nb6 15. Ne5 Nc4 16. Bxc4 dxc4 17. Rad1 Qd5 18. f3 Qd8 19. Qc3 Rc8 20. Rd2 a5 21. a3 e6 22. Rfd1 f5 23. Kf1 Bf8 24. Qc1 b4 25. axb4 axb4 26. Rc2 b3 27. Re2 Bb4 28. Kg1 Ba6 29. Rf2 c3 30. bxc3 Bxc3 31. Qb1 b2 32. Nd3 Bxd3 33. Rxd3 Ra8 34. Rf1 Qc8 35. Rdd1 Ra1 36. Qd3 Qb7 37. Rb1 Rxb1 38. Rxb1 Qc6 39. e4 fxe4 40. fxe4 Ra8 41. d5 exd5 42. exd5 Qc8 43. Bd2 Ra1 44. Kf2 Rxb1 45. Qxb1 Qf5+ 46. Qxf5 gxf5 47. Bxc3 b1Q 48. Be5 Qa2+ 49. Kg3 Qxd5 50. Bf4 Qd3+ 51. Kh4 Kf7 52. g3 Qf3 53. Kh3 Qg4+ 54. Kg2 Ke6 55. Bb8 h5 56. Bf4 h4 57. Bh6 h3+ 58. Kf2 Ke5 59. Bf4+ Ke4 60. Bh6 Qf3+ 61. Ke1 0-1

[Event "Twente Young Master op-C"]
[Site "Twente"]
[Date "2007.08.06"]
[Round "1"]
[White "Van der Auweraert, Elwin"]
[Black "Van Ginneken, Maikel"]
[Result "1-0"]
[WhiteElo "1665"]
[BlackElo "1251"]
[PlyCount "39"]
[EventDate "2007.08.06"]
[EventType "swiss"]
[EventRounds "9"]
[EventCountry "NED"]
[SourceTitle "EXT 2008"]
[Source "ChessBase"]
[SourceDate "2007.11.25"]
[SourceVersion "1"]
[SourceVersionDate "2007.11.25"]
[SourceQuality "1"]

1. e4 e5 2. Nf3 Nf6 3. Nxe5 d6 4. Nf3 Nxe4 5. Bc4 Bg4 6. d3 Nf6 7. 0-0 Be7 8. Bf4 Nc6 9. c3 0-0 10. Nbd2 a6 11. d4 Qd7 12. Qc2 d5 13. Bd3 Bd6 14. Ne5 Qe6 15. Rfe1 Kh8 16. Nxc6 Qd7 17. Ne5 Qc8 18. Nxg4 Nxg4 19. Bxd6 cxd6 20. Bf5 1-0